Православ'я: український вимір (Запис № 312259)

МАРК-запис
000 -LEADER
fixed length control field 00777nam a22002417a 4500
001 - CONTROL NUMBER
control field 42094
003 - CONTROL NUMBER IDENTIFIER
control field UA-OsUOA
005 - DATE AND TIME OF LATEST TRANSACTION
control field 20211129214705.0
007 - PHYSICAL DESCRIPTION FIXED FIELD--GENERAL INFORMATION
fixed length control field ta
008 - FIXED-LENGTH DATA ELEMENTS--GENERAL INFORMATION
fixed length control field 20061024b un ||||| |||| 00| 0 ukr d
020 ## - INTERNATIONAL STANDARD BOOK NUMBER
International Standard Book Number 966-8251-61-Х
040 ## - CATALOGING SOURCE
Original cataloging agency UA-OsUOA
Language of cataloging ukr
Transcribing agency UA-OsUOA
Modifying agency UA-OsUOA
041 ## - LANGUAGE CODE
Language code of text/sound track or separate title ukr
080 ## - UNIVERSAL DECIMAL CLASSIFICATION NUMBER
Universal Decimal Classification number 281.9(477)
090 ## - LOCALLY ASSIGNED LC-TYPE CALL NUMBER (OCLC); LOCAL CALL NUMBER (OCLC)
Classification number (OCLC) (R) ; Classification number, CALL (RLIN) (NR) 281.9(477)
Local cutter number (OCLC) ; Book number/undivided call number, CALL (RLIN) П68
245 ## - TITLE STATEMENT
Title Православ'я: український вимір
Remainder of title навчальний посібник
Statement of responsibility, etc за ред. П. Ю. Сауха
260 ## - PUBLICATION, DISTRIBUTION, ETC. (IMPRINT)
Place of publication, distribution, etc К.
Name of publisher, distributor, etc Кондор
Date of publication, distribution, etc 2004
300 ## - PHYSICAL DESCRIPTION
Extent 384 с.
650 #7 - SUBJECT ADDED ENTRY--TOPICAL TERM
Topical term or geographic name as entry element 281.9 Східна православна церква і скопці
Source of heading or term UDC
942 ## - ADDED ENTRY ELEMENTS (KOHA)
Koha item type Книги
Source of classification or shelving scheme Universal Decimal Classification
955 ## - COPY-LEVEL INFORMATION (RLIN)
Classification number, CCAL (RLIN) Навчальні видання
Фонди
Withdrawn status Lost status Source of classification or shelving scheme Damaged status Not for loan Collection code Home library Current library Date acquired Source of acquisition Cost, normal purchase price Inventory number Total Checkouts Full call number Barcode Date last seen Price effective from Koha item type
Withdrawn   Universal Decimal Classification       АБ - Абонемент НБ АБ - Абонемент НБ 14/08/2007 135/2007 10.00 105912   281.9:008(477) П68 105912 13/07/2019 14/08/2007 Книги
    Universal Decimal Classification     Колекція Пасічника І.Д. ЧЗ - Читальна зала ЧЗ - Читальна зала 24/10/2006 110/2006 9.00 99523   281.9(477) П68 99523 07/02/2022 24/10/2006 Книги